| 000 | 00653nam a2200205ua 4500 | ||
|---|---|---|---|
| 003 | OSt | ||
| 005 | 20250411104100.0 | ||
| 008 | 250411b |||||||| |||| 00| 0 spa d | ||
| 020 | _a9789584231956 | ||
| 037 | _bDonación | ||
| 040 |
_aCO-JMCR _bspa _cCO-JMCR _dCO-JMCR _erda |
||
| 041 | 0 | _aspa | |
| 082 | 0 | 4 |
_a177.7 _bR59f _223 |
| 100 | 1 |
_aRiso, Walter, _d1951- _944103 |
|
| 245 | 1 | 0 |
_aLa fidelidad es mucho más que amor : _bcómo prevenir y afrontar la infidelidad de pareja / _cWalter Riso. |
| 260 |
_aBogotá : _bEditorial Planeta Colombiana, _c2012. |
||
| 300 |
_a165 páginas ; _c21 cm. |
||
| 500 | _aIncluye bibliografía. | ||
| 942 |
_2ddc _cBK |
||
| 999 |
_c30961 _d17345 |
||